000 00239nam a2200109Ia 4500
005 20251222120157.0
008 251222s1900||||xx |||||||||||||| ||spa||
082 _aDVD0070/R14/1994
245 0 _aEl cartero
264 _bMiramax
942 _cDVD
999 _c2306
_d2306